Zonage de la forêt classée d'Agoua : problèmes et perspectives pour une gestion durable (Record no. 46648)
[ view plain ]
| 000 -LEADER | |
|---|---|
| fixed length control field | 00536nam a22001817a 4500 |
| 003 - CONTROL NUMBER IDENTIFIER | |
| control field | 0 |
| 005 - DATE AND TIME OF LATEST TRANSACTION | |
| control field | 20160609165236.0 |
| 008 - FIXED-LENGTH DATA ELEMENTS--GENERAL INFORMATION | |
| fixed length control field | 100105t xxu||||| |||| 00| 0 eng d |
| 037 ## - SOURCE OF ACQUISITION | |
| Stock number | M15387 |
| Source of stock number/acquisition | EPAC |
| 040 ## - SOURCE DU CATALOGAGE | |
| Original cataloging agency | UAC |
| Language of cataloging | F |
| Transcribing agency | EPAC |
| 082 ## - DEWEY DECIMAL CLASSIFICATION NUMBER | |
| Classification number | 27.APE/AKPO |
| 100 ## - VEDETTE PRINCIPALE - NOM DE PERSONNE | |
| Personal name | Aline Kamarotin AKPO |
| 9 (RLIN) | 2533 |
| 245 ## - TITLE STATEMENT | |
| Title | Zonage de la forêt classée d'Agoua : problèmes et perspectives pour une gestion durable |
| 260 ## - PUBLICATION, DISTRIBUTION, ETC. (IMPRINT) | |
| Place of publication, distribution, etc | EPAC |
| Name of publisher, distributor, etc | BIBLIO |
| Date of publication, distribution, etc | 2007-2008 |
| 300 ## - PHYSICAL DESCRIPTION | |
| Extent | I-59p |
| Dimensions | 29cm |
| 650 ## - SUBJECT ADDED ENTRY--TOPICAL TERM | |
| Topical term or geographic name as entry element | AMENAGEMENT PROTETION ENVIRONNEMENT |
| 9 (RLIN) | 2534 |
| 942 ## - ADDED ENTRY ELEMENTS (KOHA) | |
| Koha item type | Thèse et Memoire |
| Withdrawn status | Lost status | Damaged status | Not for loan | Location (home branch) | Sublocation or collection (holding branch) | Date acquired | Source of acquisition | Koha issues (times borrowed) | Koha full call number | Piece designation (barcode) | Koha date last seen | Copy number | Price effective from | Koha item type | Public note |
|---|---|---|---|---|---|---|---|---|---|---|---|---|---|---|---|
| Bibliothèque Ecole Polytechnique d'Abomey-Calavi | Bibliothèque Ecole Polytechnique d'Abomey-Calavi | 05/01/2010 | Don | 27.APE/AKPO | M 15387 | 05/01/2010 | 3 | 05/01/2010 | Thèse et Memoire | 3 Exemplaires dont un exclu du prêt |